|
|
|
|
| LEADER |
01722nam a2200445 4500 |
| 001 |
on1044748163 |
| 003 |
OCoLC |
| 005 |
20200326101154.0 |
| 006 |
m o d |
| 007 |
cr cnu---unuuu |
| 008 |
180717t20182018maua ob 001 0 eng d |
| 040 |
|
|
|a OPELS
|b eng
|e rda
|e pn
|c OPELS
|d OCLCF
|d UPM
|d UKMGB
|d D6H
|d YDXIT
|d SFB
|d GrThAP
|
| 015 |
|
|
|a GBB877135
|2 bnb
|
| 016 |
7 |
|
|a 018846525
|2 Uk
|
| 019 |
|
|
|a 1125605052
|a 1132011777
|a 1136363906
|
| 020 |
|
|
|a 9780128151761
|q electronic book
|
| 020 |
|
|
|a 0128151765
|q electronic book
|
| 020 |
|
|
|a 9780128151754
|q print
|
| 020 |
|
|
|a 0128151757
|q print
|
| 035 |
|
|
|a (OCoLC)1044748163
|z (OCoLC)1125605052
|z (OCoLC)1132011777
|z (OCoLC)1136363906
|
| 050 |
|
4 |
|a S405
|b .A38 2018
|
| 082 |
0 |
4 |
|a 630
|2 23
|
| 245 |
0 |
0 |
|a Advances in agronomy.
|n Volume one hundred and fifty /
|c edited by Donald L. Sparks.
|
| 246 |
3 |
|
|a Advances in agronomy.
|n Volume 150
|
| 250 |
|
|
|a First edtion.
|
| 264 |
|
1 |
|a Cambridge, MA :
|b Academic Press,
|c 2018.
|
| 264 |
|
4 |
|c Ã2018
|
| 300 |
|
|
|a 1 online resource (xiii, 279 pages) :
|b illustrations.
|
| 336 |
|
|
|a text
|b txt
|2 rdacontent
|
| 337 |
|
|
|a computer
|b c
|2 rdamedia
|
| 338 |
|
|
|a online resource
|b cr
|2 rdacarrier
|
| 490 |
0 |
|
|a Advances in agronomy ;
|v Volume 150
|
| 504 |
|
|
|a Includes bibliographical reference and index.
|
| 588 |
|
|
|a Description based on online resource; title from digital title page (viewed on April 22, 2019).
|
| 650 |
|
0 |
|a Agronomy.
|
| 650 |
|
7 |
|a Agronomy.
|2 fast
|0 (OCoLC)fst00801886
|
| 655 |
|
4 |
|a Electronic books.
|
| 700 |
1 |
|
|a Sparks, Donald L.,
|d 1953-
|e editor.
|
| 776 |
0 |
8 |
|i Print version :
|z 9780128151754
|
| 856 |
4 |
0 |
|3 ScienceDirect
|u https://www.sciencedirect.com/science/bookseries/00652113/150
|z Full Text via HEAL-Link
|